[Event "Mecklenburg VP LL 0910"]
[Site "Mecklenburg VP"]
[Date "2010.03.21"]
[Round "8.4"]
[White "Mildner, Jens"]
[Black "Hammel, Ralf"]
[Result "1-0"]
[WhiteElo "1982"]
[BlackElo "1991"]
[PlyCount "81"]
[EventDate "2009.10.18"]
[EventType "team-tourn"]
[EventRounds "9"]
[EventCountry "GER"]
[SourceTitle "EXT 2016"]
[Source "ChessBase"]
[SourceDate "2015.10.08"]
[SourceVersion "1"]
[SourceVersionDate "2015.10.08"]
[SourceQuality "1"]
[WhiteTeam "Greifswald II"]
[BlackTeam "Rostock Uni"]
[WhiteTeamCountry "GER"]
[BlackTeamCountry "GER"]

1. d4 g6 2. c4 Bg7 3. Nc3 c5 4. d5 Nf6 5. e4 d6 6. Nf3 Bg4 7. Be2 Bxf3 8. Bxf3 0-0 9. 0-0 e5 10. dxe6 fxe6 11. e5 dxe5 12. Qxd8 Rxd8 13. Bxb7 Nbd7 14. Bxa8 Rxa8 15. Nb5 Kf7 16. b3 a6 17. Nc3 Rb8 18. Ba3 Rb6 19. Rad1 Ke8 20. Rfe1 Rc6 21. Re3 Bh6 22. Red3 Bf8 23. h4 Rc7 24. Re1 Rc6 25. Ne4 Nxe4 26. Rxe4 Bd6 27. Re1 Be7 28. g3 Rd6 29. Rxd6 Bxd6 30. Bb2 Ke7 31. Kg2 h5 32. Bc1 Nb8 33. Bg5+ Kd7 34. Kf3 Nc6 35. Ke4 Nd4 36. Bf6 Kc7 37. Rd1 Nc6 38. f4 exf4 39. gxf4 Kd7 40. Be5 Nd4 41. Bxd4 1-0

[Event "Mecklenburg VP LL 0910"]
[Site "Mecklenburg VP"]
[Date "2009.11.15"]
[Round "2.4"]
[White "Pentzien, Volker"]
[Black "Mildner, Jens"]
[Result "1-0"]
[WhiteElo "1904"]
[BlackElo "1982"]
[PlyCount "89"]
[EventDate "2009.10.18"]
[EventType "team-tourn"]
[EventRounds "9"]
[EventCountry "GER"]
[SourceTitle "EXT 2016"]
[Source "ChessBase"]
[SourceDate "2015.10.08"]
[SourceVersion "1"]
[SourceVersionDate "2015.10.08"]
[SourceQuality "1"]
[WhiteTeam "Wismar ASV Gruen-Weiss"]
[BlackTeam "Greifswald II"]
[WhiteTeamCountry "GER"]
[BlackTeamCountry "GER"]

1. d4 f5 2. g3 Nf6 3. Bg2 e6 4. Nc3 d5 5. Bf4 c6 6. Nf3 Be7 7. Ne5 0-0 8. 0-0 Nbd7 9. a3 Nxe5 10. Bxe5 Bd7 11. e3 Ng4 12. Ne2 Nxe5 13. dxe5 Qc7 14. f4 Qb6 15. Qd2 Rfd8 16. c3 c5 17. h4 Bb5 18. Rfd1 Ba4 19. Re1 Qb3 20. Nc1 Qc2 21. Re2 Qxd2 22. Rxd2 Rd7 23. Ne2 Rad8 24. Bf3 Kf7 25. Kf2 h6 26. Re1 g5 27. hxg5 hxg5 28. Rh1 Kg7 29. g4 Rh8 30. gxf5 exf5 31. Rxh8 Kxh8 32. fxg5 Bxg5 33. Rxd5 Bh4+ 34. Kf1 Rc7 35. e6 Bg5 36. Rxf5 Bxe3 37. Nf4 Bb5+ 38. Be2 Bxe2+ 39. Kxe2 Bxf4 40. Rxf4 Re7 41. Re4 Kg7 42. Kd3 Kf6 43. Kc4 b6 44. Kd5 Kf5 45. Re2 1-0

[Event "Mecklenburg VP LL 0809"]
[Site "Mecklenburg VP"]
[Date "2009.01.18"]
[Round "5.3"]
[White "Mildner, Jens"]
[Black "Martensen, Helmut"]
[Result "1/2-1/2"]
[WhiteElo "1992"]
[BlackElo "1929"]
[PlyCount "34"]
[EventDate "2008.10.05"]
[EventType "team-tourn"]
[EventRounds "9"]
[EventCountry "GER"]
[SourceTitle "EXT 2022"]
[Source "ChessBase"]
[SourceDate "2021.10.06"]
[SourceVersion "1"]
[SourceVersionDate "2021.10.06"]
[SourceQuality "1"]
[WhiteTeam "Greifswald II"]
[BlackTeam "Ludwigslust Post SV"]
[WhiteTeamCountry "GER"]
[BlackTeamCountry "GER"]

1. d4 g6 2. c4 Bg7 3. Nc3 d6 4. e4 Nc6 5. Nf3 e5 6. d5 Nce7 7. Be2 f5 8. 0-0 Nf6 9. Ng5 fxe4 10. Ngxe4 0-0 11. f3 Nf5 12. Bg5 h6 13. Bd2 g5 14. Ng3 Nd4 15. Bd3 g4 16. fxg4 Nxg4 17. Rxf8+ Qxf8 1/2-1/2

[Event "Mecklenburg VP LL 0708"]
[Site "Mecklenburg VP"]
[Date "2008.03.09"]
[Round "7"]
[White "Maertin, Heinz"]
[Black "Mildner, Jens"]
[Result "1/2-1/2"]
[WhiteElo "1889"]
[BlackElo "2000"]
[PlyCount "57"]
[EventDate "2007.10.21"]
[EventType "team-tourn"]
[EventRounds "9"]
[EventCountry "GER"]
[SourceTitle "EXT 2016"]
[Source "ChessBase"]
[SourceDate "2015.10.08"]
[SourceVersion "1"]
[SourceVersionDate "2015.10.08"]
[SourceQuality "1"]
[WhiteTeam "Rostock SSC 07 II"]
[BlackTeam "Greifswald II"]
[WhiteTeamCountry "GER"]
[BlackTeamCountry "GER"]

1. e4 c5 2. Nf3 Nc6 3. d4 cxd4 4. Nxd4 Nf6 5. Nc3 e5 6. Ndb5 d6 7. Bg5 a6 8. Bxf6 gxf6 9. Na3 b5 10. Nd5 Bg7 11. c3 0-0 12. Bd3 Ne7 13. Nxe7+ Qxe7 14. 0-0 f5 15. c4 bxc4 16. Nxc4 Bb7 17. Qe2 fxe4 18. Bc2 f5 19. Rad1 Rad8 20. Bb3 Kh8 21. Nb6 Rf6 22. Nd5 Bxd5 23. Bxd5 Rh6 24. Qxa6 Qh4 25. h3 Rg6 26. Kh1 Bh6 27. Qa3 Bf4 28. Rde1 Qg5 29. Rg1 1/2-1/2

[Event "Mecklenburg VP LL 0607"]
[Site "Mecklenburg VP"]
[Date "2006.10.15"]
[Round "1.1"]
[White "Mildner, Jens"]
[Black "Doeppner, Tilo"]
[Result "0-1"]
[WhiteElo "1998"]
[BlackElo "2179"]
[PlyCount "60"]
[EventDate "2006.10.15"]
[EventType "team"]
[EventRounds "9"]
[EventCountry "GER"]
[SourceTitle "EXT 2008"]
[Source "ChessBase"]
[SourceDate "2007.11.25"]
[SourceVersion "1"]
[SourceVersionDate "2007.11.25"]
[SourceQuality "1"]
[WhiteTeam "Greifswald II"]
[BlackTeam "Schwerin"]
[WhiteTeamCountry "GER"]
[BlackTeamCountry "GER"]

1. d4 Nf6 2. c4 g6 3. Nc3 Bg7 4. e4 d6 5. Nf3 0-0 6. Be2 Nbd7 7. 0-0 e5 8. d5 a5 9. Ne1 Nc5 10. f3 Nh5 11. Nd3 Nxd3 12. Bxd3 Bd7 13. Be3 b6 14. Qd2 f5 15. Rac1 f4 16. Bf2 g5 17. Be2 Nf6 18. b3 g4 19. a3 g3 20. hxg3 Nh5 21. gxf4 Bh6 22. Qe1 Nxf4 23. Bh4 Qe8 24. g3 Nxe2+ 25. Nxe2 Bxc1 26. Qxc1 Qg6 27. Kg2 Rf7 28. Ng1 Raf8 29. Re1 Rg7 30. Qe3 Rf4 0-1

[Event "Mecklenburg VP LL1 0506"]
[Site "Mecklenburg VP"]
[Date "2006.01.29"]
[Round "6.1"]
[White "Blanck, Michael"]
[Black "Mildner, Jens"]
[Result "1-0"]
[WhiteElo "1989"]
[BlackElo "2002"]
[PlyCount "65"]
[EventDate "2005.10.23"]
[EventType "team"]
[EventRounds "9"]
[EventCountry "GER"]
[SourceTitle "EXT 2008"]
[Source "ChessBase"]
[SourceDate "2007.11.25"]
[SourceVersion "1"]
[SourceVersionDate "2007.11.25"]
[SourceQuality "1"]
[WhiteTeam "Pasewalk"]
[BlackTeam "Greifswald II"]
[WhiteTeamCountry "GER"]
[BlackTeamCountry "GER"]

1. e4 c5 2. Nf3 Nc6 3. d4 cxd4 4. Nxd4 Nf6 5. Nc3 e5 6. Nb3 Bb4 7. Bc4 d6 8. 0-0 0-0 9. Nd5 Nxd5 10. Bxd5 Qc7 11. c3 Bc5 12. Nxc5 dxc5 13. Qf3 Ne7 14. c4 Bd7 15. Be3 Rac8 16. Rfd1 b6 17. Qg3 Kh8 18. f4 f6 19. fxe5 fxe5 20. Rf1 Nxd5 21. exd5 Rf6 22. Bg5 Rg6 23. Qe3 h6 24. Be7 Re8 25. Qe4 Rg4 26. Qc2 Be6 27. d6 Qc6 28. b3 Bg8 29. Rae1 Bh7 30. Qe2 Re4 31. Qf3 Qa8 32. d7 Rxe1 33. Rxe1 1-0

[Event "Mecklenburg VP LL 0506"]
[Site "Mecklenburg VP"]
[Date "2005.11.13"]
[Round "2.7"]
[White "Birnbaum, Wolf Dieter"]
[Black "Mildner, Jens"]
[Result "0-1"]
[WhiteElo "1915"]
[BlackElo "2002"]
[PlyCount "128"]
[EventDate "2005.10.23"]
[EventType "team"]
[EventRounds "9"]
[EventCountry "GER"]
[SourceTitle "EXT 2008"]
[Source "ChessBase"]
[SourceDate "2007.11.25"]
[SourceVersion "1"]
[SourceVersionDate "2007.11.25"]
[SourceQuality "1"]
[WhiteTeam "Warnemuende SF Ostsee"]
[BlackTeam "Greifswald"]
[WhiteTeamCountry "GER"]
[BlackTeamCountry "GER"]

1. Nf3 d5 2. g3 c6 3. Bg2 Bg4 4. d4 e6 5. 0-0 Bd6 6. c4 Nd7 7. b3 Qe7 8. Bb2 f5 9. Nbd2 Ngf6 10. Ne5 Bh5 11. f3 0-0 12. Qc2 Nxe5 13. dxe5 Bc5+ 14. Kh1 Nd7 15. e4 fxe4 16. fxe4 d4 17. b4 Bxb4 18. Bxd4 c5 19. Bb2 Ba5 20. Nf3 Bc7 21. Qb3 b6 22. Qa4 Bxf3 23. Bxf3 Nxe5 24. Bg2 a5 25. Rad1 Rxf1+ 26. Bxf1 Rd8 27. Rxd8+ Qxd8 28. Be2 Qd7 29. Qc2 h6 30. Bxe5 Bxe5 31. Qd1 Bd4 32. Bg4 Qf7 33. Qf3 Qxf3+ 34. Bxf3 Kf7 35. Kg2 Kf6 36. Bd1 Ke5 37. Kf3 g6 38. Bc2 h5 39. Bb1 g5 40. h3 Bg1 41. Bc2 Kd4 42. h4 g4+ 43. Kg2 Be3 44. Kf1 Kxc4 45. Bb3+ Kd4 46. Bxe6 Kxe4 47. Ke2 Bd4 48. Bf7 Be5 49. Bxh5 Bxg3 50. Bxg4 Bxh4 51. Kd2 Kd4 52. Kc2 Kc4 53. Be6+ Kb4 54. Bf7 b5 55. Be8 Bf6 56. Bd7 c4 57. Be8 Kc5 58. Bd7 a4 59. Be8 a3 60. Bd7 b4 61. Be6 b3+ 62. Kb1 Kb4 63. Bf7 Bb2 64. axb3 Kxb3 0-1

[Event "Mecklenburg VP LL1 0405"]
[Site "Mecklenburg VP"]
[Date "2005.02.13"]
[Round "6.1"]
[White "Mildner, Jens"]
[Black "Ledovski, Alexander"]
[Result "0-1"]
[WhiteElo "1994"]
[BlackElo "1843"]
[PlyCount "88"]
[EventDate "2004.10.24"]
[EventType "team"]
[EventRounds "9"]
[EventCountry "GER"]
[SourceTitle "EXT 2009"]
[Source "ChessBase"]
[SourceDate "2008.11.26"]
[SourceVersion "1"]
[SourceVersionDate "2008.11.26"]
[SourceQuality "1"]
[WhiteTeam "Greifswald II"]
[BlackTeam "Stralsund TSV"]
[WhiteTeamCountry "GER"]
[BlackTeamCountry "GER"]

1. d4 d5 2. c4 c6 3. Nf3 Nf6 4. e3 g6 5. Nc3 Bg7 6. Be2 0-0 7. 0-0 Nbd7 8. cxd5 cxd5 9. Bd2 Re8 10. Qb3 Nb6 11. a4 Bg4 12. Bb5 Bxf3 13. gxf3 Rf8 14. a5 Nc4 15. Bxc4 dxc4 16. Qxc4 e5 17. d5 Qd7 18. Rfd1 Qh3 19. Qf1 Qxf3 20. Qg2 Qh5 21. e4 Ng4 22. f3 Nh6 23. Be3 f5 24. Rf1 Rf7 25. Rac1 Raf8 26. Bxa7 fxe4 27. fxe4 Ng4 28. h3 Nf6 29. Bc5 Bh6 30. Rcd1 Rc8 31. Bb6 Bf4 32. d6 Nd7 33. Bc7 Rcf8 34. Kh1 Kh8 35. Ne2 g5 36. Qg4 Qg6 37. Nxf4 exf4 38. Rg1 h6 39. Rde1 Ne5 40. Qd1 f3 41. Rgf1 Qh5 42. Qc2 Ng4 43. d7 Qxh3+ 44. Bh2 f2 0-1